| 000 | 00680cam a22002291 4500 | ||
|---|---|---|---|
| 001 | ne 64000425 | ||
| 003 | DLC | ||
| 005 | 20260227111756.0 | ||
| 008 | 950124s1962 le h 000 0 ararc | ||
| 010 | _ane 64000425 | ||
| 035 | _a(OCoLC)31879236 | ||
| 040 |
_aPrinceton Univ. Libr. _cCU _dCU _dDLC |
||
| 042 | _apremarc | ||
| 043 | _aa-iq--- | ||
| 050 | 0 | 0 |
_aDS79.53 _b.Q27 |
| 100 | 1 |
_aQaṣṣāb, ʻAbd al-ʻAzīz, _d1888- |
|
| 245 | 1 | 0 |
_aMin dhikrayātī _c[taʼlīf] ʻAbd al-ʻAzīz al-Qaṣṣāb. |
| 250 | _a[al-Ṭabʻah 1.] | ||
| 260 |
_aBayrūt, _bManshūrāt ʻUwaydāt, _c[1962] |
||
| 300 |
_a339 p. _bfacsims. _c25 cm. |
||
| 651 | 0 |
_aIraq _xPolitics and government. |
|
| 999 |
_c46722 _d46722 |
||